| 000 | 01803nam a22003137a 4500 | ||
|---|---|---|---|
| 001 | 8830 | ||
| 003 | FISKH | ||
| 005 | 20251022104432.0 | ||
| 008 | 251022b cb ||||| |||| 00| 0 eng d | ||
| 020 | _a9789996346064 | ||
| 040 |
_aFISKH _bkhr _cFISKH _dFISKH |
||
| 050 | _aPZ7 | ||
| 082 | _a895 | ||
| 100 | _aVichet, Prom | ||
| 245 |
_aថ្ងៃចូលរៀនដំបូងរបស់យ៉ា យ៉ា : _bYa Ya's first day of school / _cសហការនិពន្ធ លោក ឃឹម ចន្ទសុអហំ , លោក ព្រំ វិចិត្រ , អ្នកស្រី គឹមស៊ុន សុធារី , អ្នកស្រី ឡាយ បូផា និង អ្នកស្រី ឃី សៅនី |
||
| 260 |
_aPhnom Penh : _bReading Books , _c2017. |
||
| 300 |
_a16 pages : _bcolor illustrations ; _c18*18 cm . |
||
| 490 | _aពិភពកុមារតូច | ||
| 505 | _aF | ||
| 520 | _aយ៉ា យ៉ារៀបចំខ្លួនទៅសាលារៀននៅថ្ងៃដំបូង ។ នាងកំពុងរក អាវស , បូចងសក់ , ស្រោមជើង , សំពត់ ,ស្បែកជើង , កាតាប ......។ | ||
| 520 | _a"Ya Ya is getting ready to go to school on the first day. She is looking for a shirt, hair ties, socks, a skirt, shoes, a schoolbag, and so on." | ||
| 521 | 8 |
_a300
_bLexile estimate |
|
| 521 | 8 |
_aF
_bRaz-Plus |
|
| 650 |
_aថ្ងៃចូលរៀនដំបូងរបស់យ៉ា យ៉ា _vរឿងនិទានកុមារ |
||
| 650 |
_aYa Ya's first day of school _vChildren's Stories |
||
| 700 |
_aSan, Thai _eIllustrator |
||
| 942 |
_2lcc _cKHB _n0 |
||
| 999 |
_c8830 _d8830 |
||